| 000 | 00648nam a2200205 a 4500 | ||
|---|---|---|---|
| 005 | 20240508064306.0 | ||
| 008 | 170616s2001 br r 000 0 spa d | ||
| 020 | _a8506036496 | ||
| 035 | _aUPN01000218821 | ||
| 049 | _aI | ||
| 050 | 4 |
_aQB637.4 _bA4.3 |
|
| 100 | 1 |
_aAlves Pinto, Ziraldo, _d1932- _930786 |
|
| 245 | 1 | 4 |
_aLas flores de primavera / _ctexto e il. Ziraldo ; tr. Yolanda Serrano. |
| 260 |
_aSâo Paulo, Br. : _bMelhoramentos, _c2001. |
||
| 300 |
_a21 p. : _bil. col. |
||
| 440 | 0 | _aGusanito | |
| 534 |
_pTítulo original: _tAs flores da primavera |
||
| 650 | 4 |
_aEstaciones del año _vLiteratura infantil _924633 |
|
| 905 | _aInfantil | ||
| 999 |
_c190921 _d190921 |
||